Polskie filmy - nagła śmierć - Statystyki

Ogólne statystyki
  • Ten quiz został rozwiązany 7 150 razy
  • Średni wynik to 15 z 24
Answers on the Grid
Answers color-coded by a green-red scale on the quiz's grid according to % correct below.
Avatar
Biała odwaga
Boże ciało
Chłopaki nie płaczą
Człowiek z żelaza
Dzień świra
E.T.
Egzorcysta
Gwiezdne wojny
Joker
Kiler
Kler
Kogel-Mogel
Lista Schindlera
Listy do M.
Miasto 44
Milczenie owiec
Miś
Nic śmiesznego
Noce i dnie
Obecność
Ojciec chrzestny
Oppenheimer
Park Jurajski
Pitbull
Planeta singli
Polityka
Poranek kojota
Potop
Psy
Sami swoi
Ścigany
Seksmisja
Sztos
Szybcy i wściekli
Titanic
Vabank
Wejście smoka
Zielona mila
Ziemia Obiecana
 
Statystyki odpowiedzi
Odpowiedź % Poprawnych
Chłopaki nie płaczą
89%
Boże ciało
86%
Dzień świra
80%
Kiler
76%
Kogel-Mogel
75%
Listy do M.
74%
Kler
73%
Miś
65%
Potop
65%
Sami swoi
65%
Seksmisja
65%
Miasto 44
63%
Planeta singli
62%
Psy
62%
Vabank
61%
Pitbull
60%
Poranek kojota
58%
Polityka
53%
Noce i dnie
51%
Nic śmiesznego
50%
Sztos
50%
Człowiek z żelaza
48%
Biała odwaga
45%
Ziemia Obiecana
44%
Nie znaleziono quizów pasujących do podanych kryteriów
Rozkład punktacji
Procent ludzi z każdym wynikiem
Percentyl według liczby udzielonych odpowiedzi
Twoja historia wyników
Nie rozwiązałeś tego quizu